Old Testament theology / (Record no. 10833)
[ view plain ]
| 000 -LEADER | |
|---|---|
| fixed length control field | 02098cam a2200277 a 4500 |
| 001 - CONTROL NUMBER | |
| control field | 39189772 |
| 003 - CONTROL NUMBER IDENTIFIER | |
| control field | OCoLC |
| 005 - DATE AND TIME OF LATEST TRANSACTION | |
| control field | 20220227205336.0 |
| 008 - FIXED-LENGTH DATA ELEMENTS--GENERAL INFORMATION | |
| fixed length control field | 980518s1998 ilu b 001 0 eng |
| 010 ## - LIBRARY OF CONGRESS CONTROL NUMBER | |
| LC control number | 98008087 |
| 020 ## - INTERNATIONAL STANDARD BOOK NUMBER | |
| International Standard Book Number | 0830815236 (cloth : alk. paper) |
| 020 ## - INTERNATIONAL STANDARD BOOK NUMBER | |
| International Standard Book Number | 9780830815234 (cloth : alk. paper) |
| 035 ## - SYSTEM CONTROL NUMBER | |
| System control number | (OCoLC)39189772 |
| 040 ## - CATALOGING SOURCE | |
| Original cataloging agency | DLC |
| Language of cataloging | eng |
| Transcribing agency | DLC |
| Modifying agency | NLGGC |
| -- | BAKER |
| -- | BTCTA |
| -- | YDXCP |
| -- | HNW |
| -- | OCLCG |
| -- | DEBBG |
| -- | BDX |
| 050 00 - LIBRARY OF CONGRESS CALL NUMBER | |
| Classification number | BS1192.5 |
| Item number | .H68 1998 |
| 082 00 - DEWEY DECIMAL CLASSIFICATION NUMBER | |
| Classification number | 230/.0411 |
| Edition number | 21 |
| 092 ## - LOCALLY ASSIGNED DEWEY CALL NUMBER (OCLC) | |
| Classification number | 230.04 |
| Item number | H842O |
| 100 1# - MAIN ENTRY--PERSONAL NAME | |
| Personal name | House, Paul R., |
| Dates associated with a name | 1958- |
| 245 10 - TITLE STATEMENT | |
| Title | Old Testament theology / |
| Statement of responsibility, etc. | Paul R. House. |
| 260 ## - PUBLICATION, DISTRIBUTION, ETC. | |
| Place of publication, distribution, etc. | Downers Grove, Ill. : |
| Name of publisher, distributor, etc. | InterVarsity Press, |
| Date of publication, distribution, etc. | c1998. |
| 300 ## - PHYSICAL DESCRIPTION | |
| Extent | 655 p. ; |
| Dimensions | 24 cm. |
| 504 ## - BIBLIOGRAPHY, ETC. NOTE | |
| Bibliography, etc. note | Includes bibliographical references (p. [615]-635) and indexes. |
| 505 0# - FORMATTED CONTENTS NOTE | |
| Formatted contents note | Old Testament theology : history & methodology -- The God who creates (Genesis) -- The one God who delivers & instructs (Exodus) -- The one God who is holy (Leviticus) -- The God who expects faithfulness (Numbers) -- The God who renews the covenant (Deuteronomy) -- The God who gives rest in the land (Joshua) -- The God who disciplines & delivers (Judges) -- The God who protects, blesses & assesses (Samuel) -- The God whose word shapes history (1-2 Kings) -- The God who saves (Isaiah) -- The God who enforces the covenant (Jeremiah) -- The God who is present (Ezekiel) -- The God who keeps promises (The book of the twelve) -- The God who rules (Psalms) -- The God who is worth serving (Job) -- The God who reveals wisdom (Proverbs) -- The God who extends mercy to the faithful (Ruth) -- The God who oversees male-female sexuality (Song of Solomon) -- The God who defines meaningful living (Ecclesiastes) -- The God who is righteous & faithful (Lamentations) -- The God who protects the exiles (Esther) -- The God who protects, discloses & rules (Daniel) -- The God who restores the remnant to the land (Ezra-Nehemiah) -- The God who elects, chastens & restores (1-2 Chronicles) -- The God of the Old Testament : a summary. |
| 630 00 - SUBJECT ADDED ENTRY--UNIFORM TITLE | |
| Uniform title | Bible. |
| Name of part/section of a work | O.T. |
| General subdivision | Theology. |
| 942 ## - ADDED ENTRY ELEMENTS (KOHA) | |
| Source of classification or shelving scheme | Dewey Decimal Classification |
| Koha item type | Reference |
| Withdrawn status | Lost status | Source of classification or shelving scheme | Damaged status | Not for loan | Collection code | Home library | Current library | Shelving location | Date acquired | Total Checkouts | Full call number | Barcode | Date last seen | Price effective from | Koha item type |
|---|---|---|---|---|---|---|---|---|---|---|---|---|---|---|---|
| Dewey Decimal Classification | Not For Loan | Reference | Harvest Mission College | Harvest Mission College | Reference | 27.02.2022 | REF 230.04 H842O | 012667 | 27.02.2022 | 27.02.2022 | Reference |
